000 00259nam a22001217a 4500
082 _a823
_bUNK/T
100 _aUNKNOWN
245 _aTOY STORY - 2
260 _aBOMBAY
_bEGMONT PUBLICATIONS
_c2000
300 _a48
650 _aENGLISH STORY
_zINDIA
942 _cBK
999 _c7442
_d7442